| 000 | 00548nam a22001937a 4500 | ||
|---|---|---|---|
| 005 | 20251216153247.0 | ||
| 010 | _aENG-147331 | ||
| 020 |
_a9788188965908 _c175.00 |
||
| 035 | _aEN-130863 | ||
| 037 | _bDBAD | ||
| 082 | _a305.48420954 | ||
| 100 |
_aKannabiran, Vasanthi _986119 |
||
| 245 |
_aSathyavathi/ _cVasanth Kannabiran |
||
| 250 | _a1 | ||
| 260 |
_aNew Delhi _bWomen Unlimited _c2015 |
||
| 270 |
_a7/10,FF, Sarvapriya Vihar,New Delhi _bNew Delhi _e110016 |
||
| 300 |
_a110p. _c21cm(pb) |
||
| 942 |
_2ddc _cEN _h305.42 _mKAN |
||
| 999 |
_c213947 _d213947 |
||